000 00576cam a2200193 4500
001 J105017
008 000000n2000 000 0 eng u
035 _a(Sirsi) u105017
050 _a711.552
110 _aCB Hillier Parker
_93660
245 _aShopping centre investment activity . February & August 2000
260 _aLondon
_bCB Hillier Parker
_c2000
300 _a2 pt ; 30cm.
650 _aSHOPPING CENTRES
650 _aPROPERTY INVESTMENT
690 _aPROPERTY-COMMERCIAL PROPERTY-RETAIL PROPERTY
856 _uhttps://www.cbhillierparker.com
942 _n0
999 _c100319
_d100319